000 00898nam a2200289 a 4500
001 BRCA_5730
005 20190320205208.0
008 040311s1909----enka######---#000-0#eng-c
041 _aeng
044 _aenk
050 4 _aND810
_b.B47 2
_c1909
100 1 _aBeruete y Moret, Aureliano de
_d1876 - 1922
_97763
245 1 0 _aThe school of Madrid
_cby A. de Beruete y Moret ; tr. by Mrs. Steuart Erskine.
260 _aLondres
_bDuckworth
_c1909
300 _axvi, 288 p.
_bil., 47 láminas
_c20 cm
440 0 _aThe library of art
_97764
500 _aIncluye lista de ilustraciones e índice alfabético
500 _aEjemplar igual a AA79
500 _aE1
504 _aBibliografía: p. 269-270
650 1 4 _aPintura
_zEspaña
_92581
650 1 4 _aPintura
_xHistoria
_914541
650 1 4 _aArte
_zMadrid
_97766
700 1 _aErskine, Steuart
_etr.
_914542
902 _aGFM
942 _2lcc
_cB
999 _c5420
_d5420